LIBRARY & INFORMATION CENTRE, KCAET, TAVANUR

ONLINE PUBLIC ACCESS CATALOGUE (OPAC)

Basic hydrology / (Record no. 9625)

MARC details
000 -LEADER
fixed length control field 00695cam a2200181ua 4500
003 - CONTROL NUMBER IDENTIFIER
control field OSt
008 - FIXED-LENGTH DATA ELEMENTS--GENERAL INFORMATION
fixed length control field 220205b ||||| |||| 00| 0 eng d
020 ## - INTERNATIONAL STANDARD BOOK NUMBER
ISBN 0-408-01363-X
082 ## - DEWEY DECIMAL CLASSIFICATION NUMBER
Classification number 551.48
Item number SHA/BA
100 ## - MAIN ENTRY--AUTHOR NAME
Personal name Sharp, James J .
245 ## - TITLE STATEMENT
Title Basic hydrology /
250 ## - EDITION STATEMENT
Edition statement 1 /
260 ## - PUBLICATION, DISTRIBUTION, ETC. (IMPRINT)
Place of publication London :
Name of publisher Butterworth Scientific ,
Year of publication 1984.
300 ## - PHYSICAL DESCRIPTION
Number of Pages 150 ; .
505 ## - FORMATTED CONTENTS NOTE
Formatted contents note Chapter 1 - Introduction to BASIC<br/>Chapter 2 - Elements of hydrology<br/>Chapter 3 - Precipitation<br/>Chapter 4 - Evaporation<br/>Chapter 5 - Frequency<br/>Chapter 6 - Stream flow and surface runoff<br/>Chapter 7 - The unit hydrograph<br/>Chapter 8 - Reservoir design<br/><br/>
700 1# - ADDED ENTRY--PERSONAL NAME
Personal name Sawden , Peter G .
942 ## - ADDED ENTRY ELEMENTS (KOHA)
Koha item type Books
Holdings
Withdrawn status Lost status Damaged status Home library Current library Date acquired Full call number Accession Number Koha item type
      KAUAET KAUAET 09/03/1987 551.48 SHA/BA 16045 Books
free website counter